000 00566 a2200193 4500
001 61178
005 20260407155903.0
008 260407a1959 arg spa d
003 AR-UNSa-BCEJYS
040 _aAR-UNSa-BCEJYS
_bspa
_cAR-UNSa-BCEJYS
080 _a336.2
_xIngresos públicos (Derecho tributario)
245 1 0 _aLa interpretación de la ley tributaria
264 1 _aBuenos Aires :
_bAbeledo Perrot
_c1959
300 _a75 p.
_c18 cm.
041 _aspa
942 _cBK
590 _aniveau_biblio:m niveau_hierar:0
100 1 _aGarcía Belsunce, Horacio A.
999 _c7251
_d7251